| 000 | 01253nam a2200289 i 4500 | ||
|---|---|---|---|
| 001 | 185213 | ||
| 003 | SpMaBN | ||
| 005 | 20250829034410.0 | ||
| 008 | 160418s2003 sp |||| |bspa d | ||
| 080 | _a929 García Lorca, Federico | ||
| 100 | 1 |
_aGibson, Ian, _d1939- _956666 |
|
| 245 | 1 | 0 |
_aVida, pasión y muerte de Federico García Lorca : _b1898-1936 / _cIan Gibson ; prólogo de Antonio Muñoz Molina. |
| 250 | _aEd. especial para este periódico. | ||
| 260 |
_a[Barcelona] : _bABC : _bFolio, _c[2003] |
||
| 300 |
_a2 v. (691 p.) ; _c21 cm. |
||
| 490 | 1 |
_aBiblioteca ABC. Protagonistas del s. XX ; _v8-9. Las biografías que construyeron el siglo |
|
| 500 | _aÍndice onomástico. | ||
| 504 | _aBibliografía: p. [653]-673. | ||
| 600 | 1 | 4 |
_aGarcía Lorca, Federico, _d1898-1936- _xBiografías _954854 |
| 700 | 1 |
_aMuñoz Molina, Antonio, _d1956- _984461 |
|
| 710 | 2 |
_aDiario ABC. _91137 |
|
| 830 | 1 | 0 |
_aBiblioteca ABC. Protagonistas del s. XX _v8-9. Las biografías que construyeron el siglo _9192266 |
| 852 |
_aES-MaACL _jA-133696 _9192233 _bR.150376 _cDEPO1 _dOlim: N-6696 _pVol. 1 _xEnc. cart. |
||
| 852 |
_aES-MaACL _jA-13697 _bR.150376 _cDEPO1 _dOlim: N-6697 _pVol. 2 _xEnc. cart. _9200888 |
||
| 942 | _2udc | ||
| 999 |
_c185213 _d185213 |
||